Úvod do studia latiny

Bibliographic Details
Main Author: Hošek, Radislav, 1922-2005 (Author)
Format: Book
Language:Undetermined
PhysicalDescription:59 s.
Published: Praha Státní pedagogické nakladatelství 1969

MARC

LEADER 00000nam a2200000 a 4500
001 vtls001380043
003 SK-MaSNL
005 20260416165127.0
008 240313s1969 xx 0 und
035 |a SNK000334026 
040 |a SNK  |b slo  |c SNK  |e AACR2 
100 1 |a Hošek, Radislav,  |d 1922-2005  |4 aut  |9 118514 
245 1 |a Úvod do studia latiny 
260 |a Praha  |b Státní pedagogické nakladatelství  |c 1969 
300 |a 59 s. 
958 |a OND 
999 |c 809128  |d 811058 
952 |t P60, <04>, [BOOK], {604}  |a SNK  |b SNK  |y VYP  |7 0  |p 17A0221943  |o snkIB 22230 D1  |0 0  |1 1  |4 0  |d 2000-01-04  |l 0  |r 2005-01-02 00:00:00  |w 2026-02-24